|
|
|
|
| LEADER |
00000nab a2200000uu 4500 |
| 001 |
vtls011521413 |
| 003 |
SK-MaSNL |
| 005 |
20260304220049.0 |
| 008 |
230704|1943 xo |||||||||||||||||slo| |
| 015 |
|
|
|a SNBRB
|
| 035 |
|
|
|a (urnnbn)urn:nbn:sk:snk:ar-0022pb
|
| 035 |
|
|
|a (uuid)1a6619ba-1f7e-4b37-b2d2-f2bbdd4bec6b
|
| 035 |
|
|
|a urn:nbn:sk:snk-abe9no
|
| 040 |
|
|
|a SNKBUCL
|b slo
|c SNKBUCL
|e AACR2
|
| 041 |
0 |
|
|a slo
|
| 044 |
|
|
|a xo
|c SK
|
| 100 |
1 |
|
|a Hrušovský, Igor,
|d 1907-1978
|4 aut
|9 38412
|
| 245 |
1 |
0 |
|a Niektoré problémy modernej noetiky
|c Igor Hrušovský
|
| 773 |
0 |
|
|t Slovenské pohľady
|g Roč. 59, č. 12 (1943), s. 776-780
|
| 850 |
|
|
|a Slovenská národná knižnica
|
| 852 |
|
|
|a Slovenská národná knižnica
|
| 954 |
|
|
|a odborná, vedecká literatúra pôvodná (slovenská)
|2 lita
|
| 958 |
|
|
|a OND
|
| 958 |
|
|
|a EUIPO
|
| 958 |
|
|
|a article21
|
| 999 |
|
|
|c 3149721
|d 3151651
|